Tavola Rotonda “Scuola Uguale”

Saved in:
書目詳細資料
企業作者: Presidenza Municipio IV Roma
格式: 圖書
語言:英语
標簽: 添加標簽
沒有標簽, 成為第一個標記此記錄!

MARC

LEADER 00000nam a2200000 4500
005 20240724163506.0
008 240724b |||||||| |||| 00| 0 eng d
040 |c GP 
110 |a Presidenza Municipio IV Roma 
245 |a Tavola Rotonda “Scuola Uguale” 
942 |2 ddc  |c BK  |n 0 
952 |0 0  |1 0  |2 ddc  |4 0  |6 342_450230000000000_PRE  |7 1  |9 1682  |a RM  |b RM  |d 2024-07-24  |l 0  |o 342.45023 PRE  |p 236  |r 2024-07-24 16:35:32  |w 2024-07-24  |y BK 
999 |c 1495  |d 1495